Paraguay First Level Subdivisions - Statistics

General Stats
  • This quiz has been taken 172 times
  • The average score is 11 of 18
Answer Stats
Departamentos % Correct
Alto
85%
Central
78%
Presidente Hayes
76%
Alto Paraná
73%
Boquerón
66%
Concepción
63%
Cordillera
61%
Paraguarí
61%
Misiones
59%
San Pedro
59%
Caaguazú
56%
Caazapá
56%
Amambay
54%
Ñeembucú
54%
Canindeyú
49%
Guairá
44%
Itapúa
41%
Distrito Capital
32%
No matching quizzes found
Score Distribution
Percent of People with Each Score
Percentile by Number Answered
Your Score History
You have not taken this quiz